| 000 | 00354nam a2200145Ia 4500 | ||
|---|---|---|---|
| 008 | 191201s2000 xx 000 0 und d | ||
| 082 |
_a677.02852 _bKHE |
||
| 100 | _aKHARE,A R | ||
| 245 | 0 | _aElements of Ring Frame and Doubling | |
| 250 | _a1st | ||
| 260 |
_aN.Delhi _bSai Book Centure _c2000 |
||
| 300 | _a278 | ||
| 650 | _aB.Tech(TE) | ||
| 942 |
_2ddc _cBK |
||
| 999 |
_c2388 _d2388 |
||